[Event "TCh-BEL 2008-9"]
[Site "Belgium BEL"]
[Date "2008.10.19"]
[Round "2"]
[White "Van Haastert,E"]
[Black "Braun,Christi2"]
[Result "1/2-1/2"]
[WhiteElo "2417"]
[BlackElo "2325"]

1.e4 e6 2.d4 d5 3.Nc3 Nf6 4.e5 Nfd7 5.f4 c5 6.Nf3 Qb6 7.Be3 Nc6 8.Na4 Qa5+
9.c3 b6 10.Bd2 c4 11.b4 Nxb4 12.cxb4 Bxb4 13.Qc2 Bxd2+ 14.Nxd2 b5 15.Nc3 b4
16.Qa4 Qxa4 17.Nxa4 a5 18.Nf3 Ba6 19.a3 Ke7 20.Nc5 Nxc5 21.dxc5 Rhc8 22.axb4 axb4
23.Ra5 b3 24.Kd2 Bb7 25.Rxa8 Bxa8 26.Kc3 Rxc5 27.Be2 Ra5 28.Nd4 Bb7 29.h4  1/2-1/2

[Event "92nd ch-Marshall CC"]
[Site "New York USA"]
[Date "2008.10.19"]
[Round "5"]
[White "Farber,N"]
[Black "Tuhrim,R"]
[Result "0-1"]
[WhiteElo "2011"]
[BlackElo "2020"]

1.e4 e6 2.d4 d5 3.Nc3 Nf6 4.e5 Nfd7 5.f4 c5 6.Nf3 Nc6 7.Be3 a6 8.Qd2 b5 9.g3 Be7
10.O-O-O Qa5 11.Kb1 b4 12.Nxd5 exd5 13.dxc5 b3 14.cxb3 Qxd2 15.Rxd2 Nxc5
16.Bxc5 Bxc5 17.Nh4 Ne7 18.Bg2 g6 19.h3 Be6 20.a3 a5 21.Re1 h5 22.Nf3 Rb8
23.Nd4 Bxd4 24.Rxd4 Rxb3 25.Ra4 Rxg3 26.Bf1 O-O 27.Rxa5 Bxh3 28.Ra7 Nc6 29.Rc7 Rg1
30.Rxc6 Rxf1 31.Rxf1 Bxf1 32.e6 fxe6 33.Rxe6 Bd3+ 34.Kc1 h4 35.Re3 Bf1 36.Rd3 Bg2  0-1

[Event "WYCC Boys U14"]
[Site "Vung Tau City VIE"]
[Date "2008.10.21"]
[Round "2"]
[White "Shen,D"]
[Black "Kotainy,J"]
[Result "1/2-1/2"]
[WhiteElo "2044"]
[BlackElo "2210"]

1.e4 e6 2.d4 d5 3.Nc3 Nf6 4.e5 Nfd7 5.Nf3 c5 6.dxc5 Nc6 7.Bf4 Bxc5 8.Bd3 h6
9.h4 a6 10.Qe2 b5 11.O-O Bb7 12.Rfe1 Be7 13.h5 Nc5 14.a3 Rc8 15.Rac1 b4 16.axb4 Nxb4
17.Nh2 Nbxd3 18.cxd3 d4 19.Ne4 Bxe4 20.dxe4 O-O 21.b4 Nb3 22.Rxc8 Qxc8 23.Rb1 Qc3
24.Qd1 Bxb4 25.Qxb3 a5 26.Nf3 Qc5 27.Rd1 Bc3 28.Bc1 Rc8 29.Bb2 a4 30.Qa3 Qb5
31.Rc1 Qd3 32.Nxd4 Qxd4 33.Bxc3 Qxe4 34.Ba1 Rb8 35.Qd6 Rb1 36.Qd1 Rb8 37.Qd4 Qa8
38.Qd7 Rd8 39.Qc7 a3 40.Qc3 Qa4 41.Re1 a2 42.Qb2 Rd3 43.g3 Qc4 44.Rc1 Qb3
45.Kh2 Qxb2 46.Bxb2 Rb3 47.Bd4 Rb4 48.Rc8+ Kh7 49.Bc3 Rb3 50.Bd4 Rd3 51.Rc2 Rxd4
52.Rxa2  1/2-1/2

[Event "WYCC Boys U18"]
[Site "Vung Tau City VIE"]
[Date "2008.10.22"]
[Round "4"]
[White "Tomczak,J"]
[Black "Mustafaev,J"]
[Result "1/2-1/2"]
[WhiteElo "2461"]
[BlackElo "2393"]

1.e4 e6 2.d4 d5 3.Nc3 Nf6 4.e5 Nfd7 5.f4 c5 6.Nf3 Nc6 7.Be3 a6 8.a3 cxd4
9.Nxd4 Nxd4 10.Bxd4 Bc5 11.Bxc5 Nxc5 12.Qd4 Qb6 13.O-O-O Nd7 14.Qxb6 Nxb6
15.a4 Bd7 16.Rd4 Nc8 17.Rb4 Ra7 18.Ne2 Ne7 19.Nd4 Kd8 20.a5 Kc7 21.h4 Nc6
22.Nxc6 bxc6 23.Rh3 Raa8 24.Rhb3 Bc8 25.Kd2 f6 26.Ke3 fxe5 27.fxe5 Rf8 28.Bd3 c5
29.Rg4 Bd7 30.Bxh7 d4+ 31.Ke2 Bb5+ 32.Rxb5 axb5 33.Rxg7+ Kd8 34.h5 Rxa5 35.h6 Ra1
36.Be4 Rf4 37.Bf3 Rh4 38.Rg8+ Kc7 39.Rg7+ Kd8 40.Rg8+ Kc7 41.Rg7+ Kd8  1/2-1/2

[Event "WYCC Girls U18"]
[Site "Vung Tau City VIE"]
[Date "2008.10.22"]
[Round "4"]
[White "Shlakich,A"]
[Black "Karayaylali,P"]
[Result "1-0"]
[WhiteElo "2203"]
[BlackElo "1625"]

1.e4 e6 2.d4 d5 3.Nc3 Nf6 4.e5 Nfd7 5.f4 c5 6.Nf3 Nc6 7.Be3 cxd4 8.Nxd4 a6
9.Qd2 Bc5 10.O-O-O Nxd4 11.Bxd4 O-O 12.Qf2 Bxd4 13.Qxd4 b5 14.Bd3 Qb6 15.Ne2 Bb7
16.Qxb6 Nxb6 17.Nd4 Rfd8 18.Rde1 Nd7 19.g4 Nc5 20.f5 Rac8 21.Kb1 Ne4 22.fxe6 fxe6
23.b4 Nd2+ 24.Kc1 Nc4 25.Rhf1 Rc7 26.Rf4 Re7 27.g5 Ra8 28.Nb3 Bc6 29.c3 Be8
30.Ref1 Bg6 31.Bxc4 dxc4 32.Nc5 Bf5 33.Kb2 Rc7 34.a4 Rca7 35.a5 Rd8 36.Rd4 Rxd4
37.cxd4 Kf7 38.d5 Ra8 39.Rf4 g6 40.d6 Re8 41.d7 Rd8 42.Rh4  1-0

[Event "WYCC Boys U14"]
[Site "Vung Tau City VIE"]
[Date "2008.10.22"]
[Round "4"]
[White "Bukavshin,I"]
[Black "Sathyanandha,Sa"]
[Result "1-0"]
[WhiteElo "2376"]
[BlackElo "1951"]

1.e4 e6 2.d4 d5 3.Nc3 Nf6 4.e5 Nfd7 5.f4 c5 6.Nf3 Nc6 7.Be3 Qb6 8.Na4 Qa5+
9.c3 cxd4 10.b4 Nxb4 11.cxb4 Bxb4+ 12.Bd2 Bxd2+ 13.Nxd2 b5 14.Nb2 Nc5 15.a4 bxa4
16.Nxa4 Ne4 17.Bd3 O-O 18.Ke2 Ba6 19.Nb3 Bxd3+ 20.Qxd3 Nc3+ 21.Nxc3 Qxc3
22.Rhc1 Qb4 23.Nxd4 a5 24.Rcb1 Qc5 25.Rb5 Qc7 26.Nb3 a4 27.Nc5 Rfb8 28.Rxa4 Rxa4
29.Rxb8+ Qxb8 30.Nxa4 Qb4 31.Qc2 g6 32.g3 Kg7 33.Nc5 Qd4 34.Kf1 h6 35.Nd3 Qe4
36.Kg1 h5 37.Qd1 h4 38.Nf2 Qe3 39.Qd3 Qc5 40.Kg2 hxg3 41.hxg3 Qb4 42.Qf3 Qd2
43.Kh3 Qe1 44.Ng4 Qg1 45.Nf6 Qb1 46.Kh4 Qc2 47.Qh1 Qf5 48.Qh3 Qc2 49.Kg5 Qf5+
50.Qxf5 gxf5 51.g4 fxg4 52.Nxg4 d4 53.Nf2 Kf8 54.Kg4  1-0

[Event "WYCC Boys U18"]
[Site "Vung Tau City VIE"]
[Date "2008.10.23"]
[Round "5"]
[White "Poetz,F"]
[Black "Herath,N"]
[Result "1-0"]
[WhiteElo "2255"]
[BlackElo "2012"]

1.e4 e6 2.d4 d5 3.Nc3 Nf6 4.e5 Nfd7 5.f4 c5 6.Nce2 cxd4 7.Nxd4 Nc6 8.Ngf3 Qb6
9.c3 Nxd4 10.cxd4 f6 11.Bd3 Be7 12.Qe2 fxe5 13.fxe5 O-O 14.Be3 Nb8 15.h4 h6
16.Bb1 Nc6 17.Qc2 Rf5 18.O-O Bd7 19.g4 Nb4 20.Qd2 Rff8 21.a3 Rac8 22.axb4 Bb5
23.Rf2 Ba6 24.Bf4 Bxb4 25.Qe3 Bb5 26.Bg6 Be8 27.Bd3 a5 28.g5 h5 29.g6 Bb5
30.Bxb5 Qxb5 31.Ng5 Rce8 32.Nf7 Be7 33.Bg5 Bxg5 34.hxg5 Qb4 35.Qf3 Qxd4 36.Qxh5  1-0

[Event "Open A"]
[Site "Le Touquet FRA"]
[Date "2008.10.28"]
[Round "5"]
[White "Bellamine,I"]
[Black "Vaillant,S"]
[Result "1/2-1/2"]
[WhiteElo "2140"]
[BlackElo "1985"]

1.e4 e6 2.d4 d5 3.Nc3 Nf6 4.e5 Nfd7 5.f4 c5 6.Nf3 Nc6 7.Be3 a6 8.Qd2 b5 9.O-O-O c4
10.f5 Qa5 11.fxe6 fxe6 12.a3 Bxa3 13.bxa3 Qxa3+ 14.Kb1 b4 15.Na2 Rb8 16.Qc1 Qa4
17.Nd2 Na5 18.Be2 c3 19.Nb3 Nxb3 20.cxb3 Qxb3+ 21.Ka1 Qa4 22.Kb1 Qb3+ 23.Ka1 Qa4  1/2-1/2

[Event "WYCC Boys U16"]
[Site "Vung Tau City VIE"]
[Date "2008.10.29"]
[Round "10"]
[White "Pourramezanali,A"]
[Black "Jorczik,J"]
[Result "0-1"]
[WhiteElo "2077"]
[BlackElo "2382"]

1.e4 e6 2.d4 d5 3.Nc3 Nf6 4.e5 Nfd7 5.f4 c5 6.Nf3 Nc6 7.Bd3 cxd4 8.Ne2 Qb6
9.O-O Be7 10.Kh1 Nb4 11.f5 Nxd3 12.fxe6 fxe6 13.cxd3 O-O 14.Nexd4 Nxe5 15.Nxe5 Qxd4
16.Rxf8+ Bxf8 17.Qh5 Qf2 18.Be3 Qf5 19.Qe8 b6 20.Qc6 Rb8 21.Qc7 Ra8 22.g4 Qf6
23.Bg5 Qf2 24.Bh4 Qf4 25.Kg2 Ba6 26.Re1 Rc8 27.Qd7 Rc2+  0-1

[Event "WYCC Girls U18"]
[Site "Vung Tau City VIE"]
[Date "2008.10.30"]
[Round "11"]
[White "Nemcova,Kat"]
[Black "Golubenko,Valen"]
[Result "1-0"]
[WhiteElo "2369"]
[BlackElo "2273"]

1.e4 e6 2.d4 d5 3.Nc3 Nf6 4.e5 Nfd7 5.Nf3 c5 6.dxc5 Bxc5 7.Bd3 Nc6 8.Bf4 h6
9.h4 Nd4 10.h5 Nxf3+ 11.Qxf3 Be7 12.Rh3 a6 13.Kf1 Bg5 14.Rg3 Qb6 15.Rb1 Qb4
16.Rg4 Qe7 17.Re1 Nc5 18.Be2 Bd7 19.Qg3 Bc6 20.Kg1 g6 21.hxg6 fxg6 22.Bxg5 hxg5
23.Qe3 Qh7 24.f3 Nd7 25.Kf2 O-O-O 26.b4 Qh2 27.Bd3 Rh4 28.Qxg5 Rh5 29.Qf4 Qxf4
30.Rxf4 Nxe5 31.Bf1 d4 32.Ne4 Rf5 33.Rxf5 exf5 34.Nc5 Nd7 35.Ne6 Re8 36.Nxd4 Rxe1
37.Kxe1 Bd5 38.c4 Bf7 39.Kd2 Kc7 40.Kc3 Ne5 41.Be2 Nd7 42.Nb3 Kd6 43.Kd4 Nb8
44.f4 Nc6+ 45.Kc3 Kc7 46.Bf3 b6 47.Bxc6 Kxc6 48.a4 Kd6 49.Kd4 Be8 50.b5 axb5
51.axb5 Bd7 52.Nc1 Be8 53.Nd3 Bd7 54.Nb4 Kc7 55.Nd5+ Kb7 56.Ke5 Be8 57.g3 Bd7
58.Kd6 Be8 59.Ke7  1-0

[Event "Open A"]
[Site "Le Touquet FRA"]
[Date "2008.10.31"]
[Round "8"]
[White "Platel,Al"]
[Black "Goossens,R"]
[Result "1/2-1/2"]
[WhiteElo "2202"]
[BlackElo "1978"]

1.e4 e6 2.d4 d5 3.Nc3 Nf6 4.e5 Nfd7 5.f4 c5 6.Nf3 Nc6 7.Be3 cxd4 8.Nxd4 Bc5
9.Qd2 O-O 10.O-O-O a6 11.Qf2 Bxd4 12.Bxd4 b5 13.Bd3 b4 14.Ne2 a5 15.Be3 Ba6
16.Nd4 Nxd4 17.Bxd4 Qc7 18.f5 Nxe5 19.Bxa6 Rxa6 20.Rhe1 Nd7 21.f6 e5 22.Qg3 Rxf6
23.Bxe5 Nxe5 24.Qxe5 Qxe5 25.Rxe5 Rf2 26.Rd2 Rf1+ 27.Rd1 Rf2 28.Rd2 Rf1+  1/2-1/2

[Event "IX Rapid Open"]
[Site "El Sauzal ESP"]
[Date "2008.11.01"]
[Round "3"]
[White "Santana Montero,P"]
[Black "De la Cruz Sanchez,G"]
[Result "0-1"]
[WhiteElo "1962"]
[BlackElo "2277"]

1.e4 e6 2.d4 d5 3.Nc3 Nf6 4.e5 Nfd7 5.f4 c5 6.Nf3 Nc6 7.Be3 Qb6 8.Na4 Qa5+
9.c3 c4 10.b4 Nxb4 11.cxb4 Bxb4+ 12.Kf2 b5 13.Nb2 Ba3 14.Qc2 Nb6 15.Be2 Bd7
16.Bd1 b4 17.h4 Rc8 18.h5 c3 19.Nd3 Ba4  0-1

[Event "TCh-NED 2008-9"]
[Site "Netherlands NED"]
[Date "2008.11.01"]
[Round "2"]
[White "Van Delft,M"]
[Black "Polaczek,R"]
[Result "1-0"]
[WhiteElo "2399"]
[BlackElo "2429"]

1.e4 e6 2.d4 d5 3.Nc3 Nf6 4.e5 Nfd7 5.f4 c5 6.Nf3 Nc6 7.Be3 Be7 8.Qd2 O-O
9.dxc5 Bxc5 10.Bxc5 Nxc5 11.O-O-O a6 12.Qe3 Qb6 13.Nd4 Bd7 14.Kb1 Nxd4 15.Qxd4 Rfc8
16.f5 Qc7 17.Rc1 b5 18.f6 b4 19.Qg4 g6 20.Qf4 Kh8 21.Ne2 Ne4 22.h4 Qc5 23.Ng3 Qf2
24.Qh6 Rg8 25.Nxe4 dxe4 26.g4 Qf3 27.Rg1 Ba4 28.Qg5 Rac8 29.b3 Bb5 30.h5 e3
31.Bg2 Qf2 32.Be4 e2 33.hxg6 fxg6 34.Rh1 Rc7 35.Qh6 Qa7 36.Bxg6 Be8 37.f7 Rxf7
38.Bxf7 Qxf7 39.Qe3 Bb5 40.Qe4 Qg6 41.Qxb4 Bc6 42.Rh3 Bg2 43.Re3 Bf1 44.Re1 Qxg4
45.Qd2 Qf5 46.R3xe2 Bxe2 47.Qxe2 Rg5 48.Qxa6 h5 49.Qa8+ Rg8 50.Qh1 Rg4 51.a4 Rf4
52.a5 Rf3 53.Kb2 Qg4 54.a6 Rf7 55.Qa8+ Kg7 56.Qe4 Qg3 57.Qe3 Rf3 58.Qg1 Kh6
59.Qxg3 Rxg3 60.a7  1-0

[Event "TCh-NED 2008-9"]
[Site "Netherlands NED"]
[Date "2008.11.01"]
[Round "2"]
[White "Vedder,H"]
[Black "Roosendaal,C"]
[Result "1-0"]
[WhiteElo "2358"]
[BlackElo "2213"]

1.e4 e6 2.d4 d5 3.Nc3 Nf6 4.e5 Nfd7 5.f4 c5 6.Nf3 Nc6 7.Be3 a6 8.Qd2 b5 9.dxc5 Bxc5
10.Bxc5 Nxc5 11.Qf2 Qb6 12.Bd3 b4 13.Ne2 a5 14.Ned4 Ba6 15.Qe3 Na4 16.Rb1 Bxd3
17.cxd3 b3 18.a3 O-O 19.O-O f6 20.exf6 Rxf6 21.Rfe1 Nxd4 22.Nxd4 Re8 23.Kh1 h6
24.g3 Kh7 25.Rec1 e5 26.fxe5 Rfe6 27.Qf4 Rxe5 28.Nf3 Re2 29.Ng1 Qf2 30.Nxe2 Rxe2
31.Qxf2 Rxf2 32.Kg1 Rxb2 33.Rxb2 Nxb2 34.Rb1 Nxd3 35.Rxb3 Ne5 36.Rb5 Nc4
37.a4 d4 38.Rd5 Nd2 39.Rxa5  1-0

[Event "TCh-NED 2008-9"]
[Site "Netherlands NED"]
[Date "2008.11.01"]
[Round "2"]
[White "Pruijssers,R"]
[Black "Tereick,B"]
[Result "1-0"]
[WhiteElo "2452"]
[BlackElo "2382"]

1.e4 e6 2.d4 d5 3.Nc3 Nf6 4.e5 Nfd7 5.f4 c5 6.Nf3 Nc6 7.Be3 cxd4 8.Nxd4 Bc5
9.Qd2 a6 10.O-O-O O-O 11.Qf2 Bxd4 12.Bxd4 b5 13.Be3 b4 14.Na4 a5 15.Kb1 Ba6
16.Bxa6 Rxa6 17.h4 Qc7 18.h5 Ne7 19.g4 f5 20.exf6 Nxf6 21.Qe2 Rc6 22.h6 g6
23.Nc5 Rxc5 24.Bxc5 Qxc5 25.Qxe6+ Rf7 26.Rhe1 Qc6 27.Qxc6 Nxc6 28.g5 Ne4
29.Rxd5 Rxf4 30.Rd7 Ne5 31.Re7 Nf3 32.Rg7+ Kf8 33.Rd1 Nfd2+ 34.Kc1 Rf7 35.Rxd2 Nxd2
36.Rxf7+ Kxf7 37.Kxd2 Ke6 38.c3 bxc3+ 39.Kxc3 Kf5 40.b4 axb4+ 41.Kxb4 Kxg5
42.a4 Kxh6 43.a5 g5 44.a6 g4 45.a7 Kg5 46.a8=Q h5 47.Qd8+  1-0

[Event "TCh-BEL 2008-9"]
[Site "Belgium BEL"]
[Date "2008.11.02"]
[Round "3"]
[White "Nijboer,F"]
[Black "Fiebig,T"]
[Result "1/2-1/2"]
[WhiteElo "2540"]
[BlackElo "2401"]

1.e4 e6 2.d4 d5 3.Nc3 Nf6 4.e5 Nfd7 5.f4 c5 6.Nf3 Nc6 7.Be3 Be7 8.Qd2 O-O
9.Bd3 f6 10.exf6 Bxf6 11.Bb5 cxd4 12.Nxd4 Nxd4 13.Bxd4 Nb6 14.O-O-O Bd7 15.Qe3 Re8
16.Bxf6 Qxf6 17.Bxd7 Nxd7 18.Rhe1 Nb6 19.Qd4 Qg6 20.Rd3 Rac8 21.b3 Re7 22.Rg3 Qf7
23.Nb5 Rf8 24.Rf3 Nc8 25.Qe5 Qf6 26.Nd4 Qxe5 27.Rxe5 Rf6 28.f5 exf5 29.Rexf5 Rxf5
30.Rxf5 Nb6 31.Kd2 g6 32.Rf6 Kg7 33.Rd6 Rf7 34.Ke3 Re7+ 35.Kd3 Nd7 36.Rxd5 Ne5+
37.Kc3 Ng4 38.Nf3 Ne3 39.Rd2 Nxg2 40.Rxg2 Re3+ 41.Kb4 Rxf3 42.a4 Kf6 43.a5 Rf5
44.c4 Ke7  1/2-1/2

[Event "Russia Cup Final"]
[Site "Serpuhov RUS"]
[Date "2008.11.05"]
[Round "1.1"]
[White "Frolyanov,D"]
[Black "Lysyj,I"]
[Result "0-1"]
[WhiteElo "2557"]
[BlackElo "2598"]

1.e4 e6 2.d4 d5 3.Nc3 Nf6 4.e5 Nfd7 5.f4 c5 6.Nf3 Nc6 7.Be3 Be7 8.dxc5 O-O
9.Qd2 Bxc5 10.O-O-O Qa5 11.Bxc5 Nxc5 12.h4 Bd7 13.Rh3 Rab8 14.Rg3 f5 15.Nd4 Rfc8
16.Kb1 Nxd4 17.Qxd4 Qc7 18.Bd3 Be8 19.Re3 b5 20.Rc1 b4 21.Ne2 Qa5 22.b3 Qb6
23.g4 fxg4 24.Rg3 h5 25.Qe3 a5 26.Nd4 a4 27.f5 Nxd3 28.cxd3 Rxc1+ 29.Kxc1 Qc5+
30.Kb1 axb3 31.axb3 Ra8 32.Rg2 Qa7 33.Nc2 Qxe3 34.Nxe3 d4 35.Nc2 exf5 36.Rf2 Bb5
37.Nxd4 Bxd3+ 38.Kb2 Re8 39.Nxf5 Rxe5 40.Nd4 Re4 41.Nf5 Re5 42.Nd4 Re4 43.Nf5 g6
44.Nd6 Re6  0-1

[Event "Russia Cup Final"]
[Site "Serpuhov RUS"]
[Date "2008.11.06"]
[Round "1.2"]
[White "Kokarev,Dm"]
[Black "Maslak,K"]
[Result "1/2-1/2"]
[WhiteElo "2588"]
[BlackElo "2544"]

1.e4 e6 2.d4 d5 3.Nc3 Nf6 4.e5 Nfd7 5.f4 c5 6.Nf3 Nc6 7.Be3 Be7 8.Qd2 O-O
9.Be2 a6 10.O-O b5 11.a3 Qc7 12.Nd1 f6 13.c3 fxe5 14.fxe5 Na5 15.Qc2 cxd4
16.Bxd4 Nc4 17.Bd3 h6 18.Qe2 Nc5 19.Bc2 Ne4 20.Nf2 Bb7 21.Rab1 Qc6 22.Nd3 a5
23.Kh1 Qe8 24.Nf2 Qc6 25.Nd3 Qe8 26.Nf2 Qc6 27.Nd3 Qe8  1/2-1/2

[Event "Russia Cup Final"]
[Site "Serpuhov RUS"]
[Date "2008.11.06"]
[Round "1.4"]
[White "Kokarev,Dm"]
[Black "Maslak,K"]
[Result "1-0"]
[WhiteElo "2588"]
[BlackElo "2544"]

1.e4 e6 2.d4 d5 3.Nc3 Nf6 4.e5 Nfd7 5.f4 c5 6.Nf3 Nc6 7.Be3 Be7 8.Be2 O-O
9.O-O f6 10.exf6 Nxf6 11.Kh1 Bd6 12.g3 cxd4 13.Bxd4 Nxd4 14.Qxd4 a6 15.Bd3 b5
16.a3 Bb7 17.Rae1 Qd7 18.Qb6 Rac8 19.Qe3 Rce8 20.Qd2 Qc7 21.Nd4 Qb6 22.Nce2 Re7
23.c3 Rfe8 24.Ng1 Ne4 25.Qg2 g6 26.Ngf3 Kg7 27.Re2 Rf8 28.Rfe1 Bc5 29.h4 Rf6
30.Kh2 Bd6 31.Ng5 e5 32.fxe5 Rxe5 33.Nxe4 dxe4 34.Bxe4 Bc8 35.Bf3 Rxe2 36.Rxe2 Qd8
37.Bb7 Bd7  1-0

[Event "Russia Cup Final w"]
[Site "Serpuhov RUS"]
[Date "2008.11.08"]
[Round "2.2"]
[White "Ivkina,O"]
[Black "Matveeva,S"]
[Result "1/2-1/2"]
[WhiteElo "2229"]
[BlackElo "2411"]

1.e4 e6 2.d4 d5 3.Nc3 Nf6 4.e5 Nfd7 5.f4 c5 6.Nf3 Nc6 7.Be3 a6 8.Qd2 b5 9.a3 g5
10.fxg5 cxd4 11.Nxd4 Ncxe5 12.Nf3 Bg7 13.O-O-O Bb7 14.Nxe5 Bxe5 15.Kb1 Qc7
16.Bd4 Bxd4 17.Qxd4 O-O-O 18.h4 Kb8 19.Rh3 e5 20.Qf2 d4 21.Qxf7 dxc3 22.Rxc3 Nc5
23.Rxd8+ Rxd8 24.Qxc7+ Kxc7 25.Rxc5+ Kb6 26.Rxe5 Rd1+ 27.Ka2 Rxf1 28.Re7 Bd5+
29.b3 Rf2 30.Kb2 Rxg2 31.Kc3 a5 32.Rxh7 Be4 33.Re7 Bxc2 34.b4 axb4+ 35.axb4 Kc6
36.Re5 Bd1 37.Rc5+ Kb6 38.Rd5 Bh5 39.Rd6+ Kc7 40.Rh6 Be8 41.Kd4 Rg4+ 42.Ke5 Rxb4
43.h5 Rg4 44.g6 b4 45.Rh7+ Kb6 46.Re7 Bxg6 47.Re6+ Kc5 48.Rxg6 Rh4 49.Rg5 b3
50.Kf6+ Kc4 51.Kg6 b2 52.Rg1 Kb3 53.h6 Ka2 54.h7 Rxh7 55.Kxh7 b1=Q+ 56.Rxb1 Kxb1  1/2-1/2

[Event "Russia Cup Final"]
[Site "Serpuhov RUS"]
[Date "2008.11.09"]
[Round "3.1"]
[White "Vitiugov,N"]
[Black "Lysyj,I"]
[Result "1-0"]
[WhiteElo "2638"]
[BlackElo "2598"]

1.e4 e6 2.d4 d5 3.Nc3 Nf6 4.e5 Nfd7 5.f4 c5 6.Nf3 Nc6 7.Be3 Be7 8.Qd2 O-O
9.Be2 a6 10.O-O b5 11.a3 Qc7 12.Nd1 f6 13.c3 fxe5 14.fxe5 Na5 15.Qe1 Nb3
16.Rb1 Rf7 17.Bd3 Nf8 18.Nf2 Bd7 19.Nh3 Be8 20.Qg3 cxd4 21.cxd4 Qb6 22.Nhg5 Bxg5
23.Nxg5 Rf5 24.Rxf5 exf5 25.Qf3 Rd8 26.Bxf5 h6 27.Rf1 Nxd4 28.Qf2 Ne2+ 29.Qxe2 d4
30.e6 dxe3 31.e7 Rd2 32.Bc2  1-0

[Event "TCh-NED 2008-9"]
[Site "Netherlands NED"]
[Date "2008.11.22"]
[Round "3"]
[White "Pruijssers,R"]
[Black "De Jager,J"]
[Result "1-0"]
[WhiteElo "2452"]
[BlackElo "2361"]

1.e4 e6 2.d4 d5 3.Nc3 Nf6 4.e5 Nfd7 5.f4 c5 6.Nf3 Nc6 7.Be3 cxd4 8.Nxd4 Bc5
9.Qd2 O-O 10.O-O-O a6 11.Qf2 Bb4 12.Nce2 Na5 13.Ng3 Be7 14.Kb1 Qc7 15.Bd3 b5
16.Nh5 g6 17.Ng3 Nc4 18.Bc1 Nc5 19.h4 Na4 20.Nge2 b4 21.h5 g5 22.Qg3 f6 23.fxg5 fxe5
24.g6 Bf6 25.Rdf1 Bd7 26.g7  1-0

[Event "TCh-NED 2008-9"]
[Site "Netherlands NED"]
[Date "2008.11.22"]
[Round "3"]
[White "Ootes,Le"]
[Black "Vedder,H"]
[Result "1/2-1/2"]
[WhiteElo "2064"]
[BlackElo "2358"]

1.e4 e6 2.d4 d5 3.Nc3 Nf6 4.e5 Nfd7 5.f4 c5 6.Nf3 Nc6 7.Be3 a6 8.Qd2 b5 9.a3 g5
10.fxg5 cxd4 11.Nxd4 Ncxe5 12.Nf3 Bg7 13.Nxe5 Nxe5 14.O-O-O Nc6 15.Bc5 Bb7
16.Re1 Na5 17.h4 Qc7 18.Qf2 Qd7 19.Rh3 Nc6 20.Bb6 O-O 21.h5 Ne5 22.Qh4 Nc4
23.Bxc4 dxc4 24.g6 h6 25.gxf7+ Qxf7 26.Rg3 Kh7 27.Rg6 e5 28.Be3 Rad8 29.Ne4 c3
30.b3 Bc8 31.g4 Qf3 32.g5 Bg4 33.Nxc3 Bxh5 34.Rxa6 hxg5 35.Qxg5 Qg4 36.Qe7 Rd7
37.Qc5 Kg8 38.Qxb5 Rdf7 39.Qd5 Qg3 40.Qd2 e4 41.Kb2 Qe5 42.Rg1 Rd7 43.Rxg7+ Qxg7
44.Rd6 Rff7 45.Qd5 Rxd6 46.Qxd6 Kh7 47.a4 Rd7 48.Qe6 Bg6 49.Qh3+ Kg8 50.Qe6+ Kh7
51.Bg5 Rf7 52.Qh3+ Kg8 53.Qc8+ Kh7 54.Qh3+ Kg8 55.Bh6 Qe5 56.Qc8+ Kh7 57.Be3 Rc7
58.Qh3+ Kg8 59.Bd2 Re7 60.Qe3 Re6 61.Ka2 Rc6 62.Kb1 Rf6 63.Qe2 Rf3 64.Qc4+ Kh7
65.Qd5 Qe7 66.Qd4 e3 67.Nd5 exd2 68.Nxe7 Rf1+ 69.Kb2 d1=Q 70.Qxd1 Rxd1 71.Nxg6 Kxg6
72.a5 Kf5 73.Kc3 Ke6 74.Kc4 Kd6 75.b4 Rh1 76.Kb5 Kc7 77.c4 Rh4 78.c5 Rg4
79.a6 Rh4 80.Ka5 Kc6 81.b5+ Kxc5 82.a7 Rh1 83.Ka6  1/2-1/2

[Event "21st Belgrade Trophy"]
[Site "Obrenovac SRB"]
[Date "2008.11.27"]
[Round "1"]
[White "Brakus,D"]
[Black "Maksimovic,Br"]
[Result "0-1"]
[WhiteElo "2051"]
[BlackElo "2418"]

1.e4 e6 2.d4 d5 3.Nc3 Nf6 4.e5 Nfd7 5.Nce2 c5 6.c3 Nc6 7.Nf3 Be7 8.g3 O-O
9.Bh3 a5 10.O-O cxd4 11.cxd4 a4 12.Nf4 Nb6 13.Bd2 Nc4 14.Bc3 b5 15.b3 Nb6
16.Qd2 b4 17.Bb2 Na5 18.Qe3 Ba6 19.Rfd1 Qd7 20.Nd3 axb3 21.axb3 Nxb3 22.Rxa6 Rxa6
23.Nxb4 Bxb4 24.Qxb3 Qa4  0-1

[Event "21st Belgrade Trophy"]
[Site "Obrenovac SRB"]
[Date "2008.11.29"]
[Round "3"]
[White "Carnic,S"]
[Black "Pushkov,N"]
[Result "1-0"]
[WhiteElo "2346"]
[BlackElo "2514"]

1.e4 e6 2.d4 d5 3.Nc3 Nf6 4.e5 Nfd7 5.f4 c5 6.Nf3 a6 7.Be3 Qb6 8.a3 Nc6 9.dxc5 Bxc5
10.Na4 Qa5+ 11.b4 Qxa4 12.bxc5 f6 13.exf6 Nxf6 14.Bd3 Ng4 15.Bd2 e5 16.fxe5 O-O
17.O-O Ncxe5 18.Bc3 Nxf3+ 19.Rxf3 Be6 20.h3 d4 21.Bb4 a5 22.Bd2 Nf6 23.Bg5 Bd5
24.Rf4 Qc6 25.Bxf6 Rxf6 26.Rxf6 gxf6 27.Qh5 Re8 28.Qxh7+ Kf8 29.Rf1 Bf7 30.Qh6+ Ke7
31.Bb5 Qxb5 32.Qxf6+ Kd7 33.Qxd4+ Kc8 34.Rxf7 Kb8 35.Qd6+  1-0

[Event "Mediterranean Open"]
[Site "Rijeka CRO"]
[Date "2008.12.01"]
[Round "4"]
[White "Zelic,Ml"]
[Black "Steinhart,C"]
[Result "1-0"]
[WhiteElo "2319"]
[BlackElo "2027"]

1.e4 e6 2.d4 d5 3.Nc3 Nf6 4.e5 Nfd7 5.f4 c5 6.Nf3 Nc6 7.Bd3 a6 8.O-O b5 9.f5 cxd4
10.fxe6 Ndxe5 11.Nxe5 Nxe5 12.exf7+ Nxf7 13.Qf3 Be6 14.Nxb5 Qb6 15.Re1 O-O-O
16.Bf4  1-0

[Event "Mediterranean Open"]
[Site "Rijeka CRO"]
[Date "2008.12.03"]
[Round "6"]
[White "Brkic,A"]
[Black "Bitalzadeh,A"]
[Result "1-0"]
[WhiteElo "2558"]
[BlackElo "2370"]

1.e4 e6 2.d4 d5 3.Nc3 Nf6 4.e5 Nfd7 5.f4 c5 6.Nf3 Nc6 7.Be3 cxd4 8.Nxd4 Qb6
9.Qd2 Qxb2 10.Rb1 Qa3 11.Bb5 Nxd4 12.Bxd4 a6 13.Bxd7+ Bxd7 14.Rb3 Qe7 15.Rxb7 Qh4+
16.Qf2 Qd8 17.Bb6 Qc8 18.Rc7 Qb8 19.Qd4 Be7 20.Rxd7 Bh4+ 21.g3 Kxd7 22.Qa4+ Ke7
23.Bc5+ Kd8 24.gxh4 Qc7 25.Qd4 Rb8 26.Kd2 Kd7 27.Bd6 Qc6 28.Qa4  1-0

[Event "Mediterranean Open"]
[Site "Rijeka CRO"]
[Date "2008.12.03"]
[Round "6"]
[White "Melia,S"]
[Black "Berescu,A"]
[Result "1/2-1/2"]
[WhiteElo "2410"]
[BlackElo "2505"]

1.e4 e6 2.d4 d5 3.Nc3 Nf6 4.e5 Nfd7 5.f4 c5 6.Nf3 Nc6 7.Be3 a6 8.Qd2 b5 9.dxc5 Bxc5
10.Ne2 Bxe3 11.Qxe3 Qa5+ 12.Qd2 Qxd2+  1/2-1/2

[Event "Open"]
[Site "Figueira da Foz POR"]
[Date "2008.12.05"]
[Round "7"]
[White "Abella Vazquez,Ce"]
[Black "Dias,P"]
[Result "1/2-1/2"]
[WhiteElo "2132"]
[BlackElo "2406"]

1.e4 e6 2.d4 d5 3.Nc3 Nf6 4.e5 Nfd7 5.f4 c5 6.Nf3 Nc6 7.Be3 a6 8.Qd2 b5 9.g3 Nb6
10.Bg2 cxd4 11.Nxd4 Qc7 12.b3 Bb7 13.Nce2 b4 14.Nxc6 Qxc6 15.Nd4 Qc7 16.f5 Bc8
17.fxe6 Bxe6 18.O-O Bc5 19.Nxe6 fxe6 20.Bxc5 Qxc5+ 21.Kh1 Rc8 22.Qf4 Qe7
23.Qd4 Nd7 24.Qa7 Nc5 25.Qb6 Qb7 26.Qxb7 Nxb7 27.a3 Rxc2 28.axb4 Rc6 29.Rf4 Ke7
30.Bf1 Rhc8 31.Rxa6 Rc3 32.Ra7 R8c7 33.Ba6 Nd8 34.Rxc7+ Rxc7 35.b5 Rc3 36.Rb4 Kd7
37.b6 Nc6 38.Bb5 Kc8 39.Bxc6 Rxc6 40.b7+ Kb8 41.Kg2 Rc2+ 42.Kf3 Rxh2 43.Rb6 Rb2
44.Kf4 Rf2+ 45.Ke3 Rg2 46.Kf3  1/2-1/2

[Event "Helio da Motta Filho Cup"]
[Site "Rio de Janeiro BRA"]
[Date "2008.12.06"]
[Round "1"]
[White "Ferreira,K"]
[Black "Mascarenhas,Alb"]
[Result "1/2-1/2"]
[WhiteElo "2103"]
[BlackElo "2228"]

1.d4 Nf6 2.Nc3 d5 3.e4 e6 4.e5 Nfd7 5.Qh5 c5 6.Nf3 cxd4 7.Nxd4 g6 8.Qg4 Nxe5
9.Qg3 Bg7 10.Bf4 Nbc6 11.Nxc6 Nxc6 12.Bc7 Qf6 13.Bd6 e5 14.Bc5 Be6 15.Nb5 Bf8
16.Nc7+ Kd7 17.Nxd5 Bxd5 18.Bxf8 Rhxf8 19.O-O-O Nd4 20.f4 Qc6 21.c3 Kc7 22.f5 Kb6
23.Qxe5 Rad8 24.Qxd4+  1/2-1/2

[Event "III Open"]
[Site "Palma de Mallorca ESP"]
[Date "2008.12.10"]
[Round "5"]
[White "Cabrera,Ale"]
[Black "Garcia Roman,D"]
[Result "1-0"]
[WhiteElo "2507"]
[BlackElo "2446"]

1.e4 e6 2.d4 d5 3.Nc3 Nf6 4.e5 Nfd7 5.f4 c5 6.Nf3 Nc6 7.Be3 Qb6 8.Na4 Qa5+
9.c3 cxd4 10.b4 Nxb4 11.cxb4 Bxb4+ 12.Bd2 Bxd2+ 13.Nxd2 O-O 14.Be2 b5 15.Nb2 Nb6
16.O-O Qc3 17.Rf3 d3 18.Nxd3 Qd4+ 19.Kh1 Nc4 20.Rb1 a6 21.Nb3 Qb6 22.Qe1 f6
23.Qg1 d4 24.exf6 Rxf6 25.Rg3 Bb7 26.Qxd4 Qxd4 27.Nxd4 Nd2 28.Rc1 Rd8 29.Rc7 Rf7
30.Nxe6 Rxc7 31.Nxc7 Rd7 32.Ne6 Re7 33.Ndc5 Bd5 34.Re3  1-0

[Event "III Open"]
[Site "Palma de Mallorca ESP"]
[Date "2008.12.11"]
[Round "6"]
[White "Jessel,S"]
[Black "Camarena Gimenez,R"]
[Result "0-1"]
[WhiteElo "2303"]
[BlackElo "2415"]

1.e4 e6 2.d4 d5 3.Nc3 Nf6 4.e5 Nfd7 5.f4 c5 6.Nf3 Nc6 7.Be3 Qb6 8.Na4 Qa5+
9.c3 cxd4 10.b4 Nxb4 11.cxb4 Bxb4+ 12.Bd2 Bxd2+ 13.Nxd2 O-O 14.Be2 d3 15.Bxd3 Qb4
16.Rb1 Qxf4 17.Nf3 Nxe5 18.Nxe5 Qxe5+ 19.Be2 Bd7 20.Nb2 Qc3+ 21.Qd2 Qxd2+
22.Kxd2 Rfc8 23.Nd3 Rc7 24.Rb2 Kf8 25.Rhb1 Bc6 26.Ne5 Ke7 27.Nxc6+ bxc6 28.Rb7 Kd6
29.Ba6 Rac8 30.R7b2 Rd8 31.Rb7 Rxb7 32.Rxb7 Rd7 33.Rb8 f5 34.a4 e5 35.a5 e4
36.Ke3 d4+ 37.Kd2 d3 38.g3 g5 39.Rf8 Ke5 40.Re8+ Kd4 41.Bc8 Rd5 42.a6 f4
43.gxf4 gxf4 44.Bb7 e3+ 45.Kd1 f3 46.Bxc6 f2  0-1

[Event "TCh-NED 2008-9"]
[Site "Netherlands NED"]
[Date "2008.12.13"]
[Round "4"]
[White "Vedder,H"]
[Black "Tereick,B"]
[Result "1/2-1/2"]
[WhiteElo "2358"]
[BlackElo "2382"]

1.e4 e6 2.d4 d5 3.Nc3 Nf6 4.e5 Nfd7 5.f4 c5 6.Nf3 Nc6 7.Be3 cxd4 8.Nxd4 Bc5
9.Qd2 a6 10.O-O-O O-O 11.h4 Nxd4 12.Bxd4 b5 13.Ne2 Qc7 14.Rh3 f6 15.exf6 Bxd4
16.Nxd4 Nxf6 17.Rc3 Qe7 18.Rf3 Ne4 19.Qe1 Bb7  1/2-1/2